Typologie der Testaufgaben für den Unterricht Deutsch als Fremdsprache /
Uložené v:
| Hlavný autor: | |
|---|---|
| Médium: | Kniha |
| Jazyk: | German |
| Vydané: |
Berlin ; München ; Wien :
Langenscheidt,
1988.
|
| Vydanie: | 5. Aufl. |
| Edícia: | Fremdsprachenunterricht in Theorie und Praxis
|
| Témy: | |
| ISBN: |
3468494378 (brož.) |
| Fyzický popis: |
223 s. : il. ; 20 cm. |
| Tagy: |
Pridať tag
Žiadne tagy, Buďte prvý kto otaguje tento záznam!
|
Titul je dostupný aj v ... 

MARC
| LEADER | 00000nam a2200000 a 4500 | ||
|---|---|---|---|
| 001 | 000356708 | ||
| 003 | SVKK | ||
| 005 | 20100419082740.0 | ||
| 008 | 030519s1988 gw a e f 000 0 ger d | ||
| 020 | |a 3468494378 (brož.) | ||
| 040 | |a SVKKK |b slo |c SVKKK |e AACR2 | ||
| 041 | 0 | |a ger | |
| 044 | |a gw |c DE | ||
| 072 | 7 | |a 811.112.2 |x Nemčina |2 konspekt | |
| 080 | |a 811.112.2 |2 2001 | ||
| 080 | |a (076.5) |2 2001 | ||
| 080 | |a (079.1) |2 2001 | ||
| 100 | 1 | |a Doyé, Peter | |
| 245 | 1 | 0 | |a Typologie der Testaufgaben für den Unterricht Deutsch als Fremdsprache / |c von Peter Doyé. |
| 250 | |a 5. Aufl. | ||
| 260 | |a Berlin ; |a München ; |a Wien : |b Langenscheidt, |c 1988. | ||
| 300 | |a 223 s. : |b il. ; |c 20 cm. | ||
| 490 | 1 | |a Fremdsprachenunterricht in Theorie und Praxis | |
| 504 | |a Bibliografia: s. 222-223 | ||
| 650 | 0 | 7 | |a nemčina |2 SVKKKPH |
| 655 | 7 | |a praktické cvičenia |2 SVKKKPH | |
| 655 | 7 | |a testy |2 SVKKKPH | |
| 830 | 0 | |a Fremdsprachenunterricht in Theorie und Praxis | |
| 910 | |a svkkk | ||
| 919 | |a 3-468-49437-8 | ||
| 998 | |a BK | ||
| 090 | |g SCKHL |k Sklad Hlavná 10 prízemie |a III.215879 |j 1015789 |i 2720001161 |s Absenčne | ||